| 000 | 00000nas 2200000zi 4500 |
| 001 | 9.918795 |
| 003 | CaOODSP |
| 005 | 20230907083932 |
| 006 | m o d f |
| 007 | cr ||||||||||| |
| 008 | 230103c20209999oncgr p o f0###b0fre|d |
| 020 | |z9780660336640 |
| 022 | |a2817-142X |
| 040 | |aCaOODSP|bfre|erda|cCaOODSP |
| 043 | |an-cn--- |
| 086 | 1 |aIu186-4F-PDF|zIu188-113/8-2020F-PDF |
| 222 | 0|aProfil des PME. Le secteur des technologies propres au Canada |
| 245 | 00|aProfil des PME. |pLe secteur des technologies propres au Canada. |
| 246 | 13|aSecteur des technologies propres au Canada |
| 264 | 1|aOttawa (Ontario) : |bInnovation, Sciences et Développement économique Canada = Innovation, Science and Economic Development Canada, |c[2020]- |
| 310 | |aBiennal |
| 336 | |atexte|btxt|2rdacontent/fre |
| 337 | |ainformatique|bc|2rdamedia/fre |
| 338 | |aressource en ligne|bcr|2rdacarrier/fre |
| 362 | 1 |aParaît depuis : février 2020. |
| 500 | |aPublié aussi en anglais sous le titre : SME profile. Clean technology in Canada. |
| 588 | |aDescription d'après : février 2020. |
| 588 | |aDernière livraison consultée : février 2020. |
| 650 | 6|aPetites et moyennes entreprises|zCanada|vStatistiques|vPériodiques. |
| 650 | 6|aPetites et moyennes entreprises|zCanada|xFinances|vPériodiques. |
| 650 | 6|aTechnologie de protection de l'environnement|zCanada|vPériodiques. |
| 655 | 7|aStatistiques|2rvmgf |
| 655 | 7|aPériodiques|2rvmgf |
| 710 | 1 |aCanada. |bInnovation, sciences et développement économique Canada, |eorganisme de publication. |
| 710 | 1 |aCanada. |bDirection générale de la petite entreprise. |bDirection de recherche et analyse, |eorganisme de publication. |
| 775 | 08|tSME profile. |w(CaOODSP)9.918796 |